000 00484cam a2200145 4500500
005 20251012045106.0
041 _afre
042 _adc
100 1 0 _aClamote Carreto, Carlos F.
_eauthor
245 0 0 _aLes (en)jeux de l’ombre ou le miroir troublé de l’écriture médiévale
260 _c2005.
500 _a31
786 0 _nSigila | 16 | 2 | 2005-12-20 | p. 21-42 | 1286-1715
856 4 1 _uhttps://shs.cairn.info/revue-sigila-2005-2-page-21?lang=fr&redirect-ssocas=7080
999 _c1549268
_d1549268